| 000 | 00568nam a2200205Ia 4500 | ||
|---|---|---|---|
| 003 | GCL | ||
| 008 | 140319s9999 xx 000 0 eng d | ||
| 040 |
_aGCL / _cGCL |
||
| 082 | 0 | 4 |
_a333.7 _bL E |
| 100 | 1 | _aLEDGERWOOD, GRANT | |
| 245 | 1 | 0 |
_aThe Enviranmental Audit and Business Strategy: Atotal Quality Approach / _cLEDGERWOOD, GRANT |
| 700 | 1 | _aSTREET, ELIZABETH | |
| 700 | 1 | _aTHERIVEL, RIKI | |
| 260 |
_a[S.N] : _bPITMAN PUBLISHING ، _c1992 |
||
| 300 | _a203 P | ||
| 650 | 0 | 4 | _aENVIRONMENT |
| 650 | 0 | 4 | _aDEVELOPMENT |
| 650 | 0 | 4 | _aBUSINESS |
| 942 |
_2ddc _cBK |
||
| 999 |
_c17126 _d17126 |
||